ARRUPE JESUIT UNIVERSITY

CORONAVIRUS -STOP THE SPREAD - CLEAN,DISINFECT,COVER

Letters of Anton Chekhov / (Record no. 120539)

MARC details
000 -LEADER
fixed length control field 00814cam a22002771i 4500
001 - CONTROL NUMBER
control field 2564205
003 - CONTROL NUMBER IDENTIFIER
control field ARRUPE
005 - DATE AND TIME OF LATEST TRANSACTION
control field 20140520132533.0
008 - FIXED-LENGTH DATA ELEMENTS--GENERAL INFORMATION
fixed length control field 740319s1973 nyu 001 0 eng d
010 ## - LIBRARY OF CONGRESS CONTROL NUMBER
LC control number 72009585
015 ## - NATIONAL BIBLIOGRAPHY NUMBER
National bibliography number C74-100041-5
020 ## - INTERNATIONAL STANDARD BOOK NUMBER
International Standard Book Number 0670425966
035 ## - SYSTEM CONTROL NUMBER
System control number (OCoLC)727326
035 ## - SYSTEM CONTROL NUMBER
System control number (OCoLC)ocm00727326
035 ## - SYSTEM CONTROL NUMBER
System control number (NNC)2564205
040 ## - CATALOGING SOURCE
Original cataloging agency CaOONL
Language of cataloging eng
Transcribing agency CaOONL
090 ## - LOCALLY ASSIGNED LC-TYPE CALL NUMBER (OCLC); LOCAL CALL NUMBER (OCLC)
Classification number (OCLC) (R) ; Classification number, CALL (RLIN) (NR) PG3458.A3
Local cutter number (OCLC) ; Book number/undivided call number, CALL (RLIN) Y3 1973
300 ## - PHYSICAL DESCRIPTION
Dimensions 24 cm.
100 1# - MAIN ENTRY--PERSONAL NAME
Personal name Chekhov, Anton Pavlovich,
Dates associated with a name 1860-1904.
9 (RLIN) 10355
245 10 - TITLE STATEMENT
Title Letters of Anton Chekhov /
Statement of responsibility, etc selected and edited by Avrahm Yarmolinsky.
260 ## - PUBLICATION, DISTRIBUTION, ETC. (IMPRINT)
Place of publication, distribution, etc New York :
Name of publisher, distributor, etc Viking Press,
Date of publication, distribution, etc 1973.
300 ## - PHYSICAL DESCRIPTION
Extent xvii, 490 p. ;
500 ## - GENERAL NOTE
General note Includes index.
700 1# - ADDED ENTRY--PERSONAL NAME
Personal name Yarmolinsky, Avrahm,
Dates associated with a name 1890-1975,
Relator term editor.
9 (RLIN) 10356
942 ## - ADDED ENTRY ELEMENTS (KOHA)
Source of classification or shelving scheme Library of Congress Classification
Koha item type Monograph ( Printed materials)
Holdings
Withdrawn status Lost status Source of classification or shelving scheme Damaged status Not for loan Collection code Home library Current library Shelving location Date acquired Total Checkouts Full call number Barcode Date last seen Price effective from Koha item type
    Library of Congress Classification     Main Collection ARRUPE LIBRARY ARRUPE LIBRARY Main Collection 20/05/2014   PG3458.A3K3 1973 46500000704 27/03/2019 20/05/2014 Monograph ( Printed materials)

 

Arrupe Library. PO Box MP320 Mt Pleasant, Harare, Zimbabwe
263 242 745411|librarian@aju.ac.zw